[Event "Naestved Unichess 2"]
[Site "Naestved"]
[Date "1996.10.18"]
[Round "3"]
[White "Rastoder, Ibis"]
[Black "Mouritsen, Jan"]
[Result "0-1"]
[WhiteElo "1431"]
[BlackElo "1497"]
[PlyCount "106"]
[EventDate "1996.10.12"]
[EventType "swiss"]
[EventRounds "5"]
[EventCountry "DEN"]
[SourceTitle "EXT 2023"]
[Source "ChessBase"]
[SourceDate "2022.10.05"]
[SourceVersion "1"]
[SourceVersionDate "2022.10.05"]
[SourceQuality "1"]

1. Nc3 d5 2. d4 Nf6 3. h3 e6 4. Nf3 c5 5. Bg5 Nc6 6. e3 Bd6 7. Nb5 Be7 8. c3 0-0 9. Bd3 a6 10. Na3 cxd4 11. exd4 Bxa3 12. bxa3 h6 13. Bh4 Qe7 14. Bc2 Qxa3 15. Bb3 Qe7 16. Qd3 e5 17. Bxf6 Qxf6 18. Bxd5 Bf5 19. Qd2 exd4 20. Bxc6 Qxc6 21. 0-0 Bxh3 22. Qxd4 Be6 23. Rfe1 Rfd8 24. Qe3 Rac8 25. Nd4 Qxc3 26. Qxc3 Rxc3 27. Nxe6 fxe6 28. Rxe6 Rcd3 29. a4 Rd1+ 30. Rxd1 Rxd1+ 31. Kh2 Rd4 32. Rb6 Rxa4 33. Rxb7 Ra2 34. f4 a5 35. Kh3 a4 36. g3 Ra1 37. f5 a3 38. Ra7 a2 39. Kg4 Kf8 40. Ra6 h5+ 41. Kg5 h4 42. g4 h3 43. Kg6 h2 44. Ra8+ Ke7 45. Kxg7 h1Q 46. f6+ Ke6 47. Ra6+ Ke5 48. f7 Qb7 49. Ra5+ Ke6 50. Rf5 Rg1 51. Rf6+ Ke5 52. Rf5+ Ke4 53. Kh8 a1Q+ 0-1

[Event "Naestved Unichess 2"]
[Site "Naestved"]
[Date "1996.10.12"]
[Round "1"]
[White "Svava, Mogens"]
[Black "Rastoder, Ibis"]
[Result "1/2-1/2"]
[WhiteElo "1569"]
[BlackElo "1431"]
[PlyCount "76"]
[EventDate "1996.10.12"]
[EventType "swiss"]
[EventRounds "5"]
[EventCountry "DEN"]
[SourceTitle "EXT 2023"]
[Source "ChessBase"]
[SourceDate "2022.10.05"]
[SourceVersion "1"]
[SourceVersionDate "2022.10.05"]
[SourceQuality "1"]

1. f4 e6 2. e4 Nf6 3. Qf3 Nc6 4. c3 b6 5. d4 d5 6. e5 Ng8 7. Bd3 f5 8. Be3 h5 9. Ne2 Qh4+ 10. g3 Qg4 11. Nd2 Bb7 12. h3 Qg6 13. 0-0-0 0-0-0 14. Rdg1 Na5 15. g4 hxg4 16. hxg4 Rxh1 17. Qxh1 Qf7 18. gxf5 exf5 19. Qh7 Nh6 20. Rg5 Bc6 21. Bxf5+ Nxf5 22. Qxf5+ Qxf5 23. Rxf5 Bb5 24. Ng3 g6 25. Rf7 Nc4 26. Nxc4 Bxc4 27. a3 Bd3 28. Kd2 Bb1 29. f5 gxf5 30. Nxf5 a5 31. Bg5 Re8 32. Be7 Bxf5 33. Rxf8 Rxf8 34. Bxf8 a4 35. Ke3 Kd7 36. Kf4 Ke6 37. Be7 c6 38. Bd8 b5 1/2-1/2